| 000 | 00624nam a2200145Ia 4500 | ||
|---|---|---|---|
| 008 | 100122s9999 xx 000 0 und d | ||
| 082 |
_b64915 _a823.08 |
||
| 100 | _aजोशी व कृ | ||
| 245 | _aहॅलो मी इन्स्पेक्टर प्रधान बोलतोय | ||
| 260 |
_bमेहता पब्लिकेशन हाऊस _c2004 |
||
| 300 | _a152 | ||
| 630 | _aहॅलो मी इन्स्पेक्टर प्रधान बोलतोय | ||
| 730 | _aहॅलो मी इन्स्पेक्टर प्रधान बोलतोय | ||
| 942 | _cBOOK | ||
| 999 |
_c438265 _d438262 |
||